000 00737nam a2200217Ia 4500
008 240729s9999 xx 000 0 und d
022 _a2550-2794
245 4 _aThe International Journal on Advances in ICT for Emerging Regions
260 _aSri Lanka
260 _bUniversity of Colombo School of Computing
650 _a Computer engineering. Computer hardware | Science
650 _a Electrical engineering. Electronics. Nuclear engineering
650 _a Electronic computers. Computer science
650 _a Electronics
650 _a Instruments and machines
650 _a Mathematics
650 _aTechnology
856 _uhttps://doaj.org/toc/33d8a68518274c6689b515f021c2309c
942 _2ddc
942 _cDOAJEJ
999 _c70804
_d70804
945 _a1
_bMadushi Gamage
_c1
_dMadushi Gamage